000 00466nam a2200181Ia 4500
001 20945
003 GE_BSU
008 181216s||||||||xx |||||||||||||| ||und||
040 _cGE_BSU
245 _aLe Point №2310-2311. 15-et 22 decembre 2016.
260 _aParis
260 _c2016
300 _a146 p. 27cm.
653 _aLe Point №2310-2311. 15-et 22 decembre 2016.
653 _aПериодика
653 _aპერიოდიკა
942 _cCR
999 _c53894
_d53894